Nursing procedures made incredibly easy!. (Record no. 698)
[ view plain ]
| 000 -LEADER | |
|---|---|
| fixed length control field | 00464nam a2200169Ia 4500 |
| 020 ## - INTERNATIONAL STANDARD BOOK NUMBER | |
| ISBN | 1582551677 (alk. paper) |
| 050 10 - CALL NUMBER | |
| Classification number | RT51 |
| Item number | .N93 |
| 100 ## - AUTHOR | |
| Personal name | Mayer,Brenna H. |
| 110 ## - AUTHOR | |
| CORPORATE AUTHOR | Duksta, Cheryl |
| 111 ## - AUTHOR | |
| AUTHOR | Eggenberger, ty et..al |
| 245 00 - TITLE | |
| Title | Nursing procedures made incredibly easy!. |
| 260 ## - PUBLICATION INFORMATION | |
| Place of publication | Springhouse, Pa. : |
| Name of publisher | Springhouse, |
| Year of publication | c2002. |
| 300 ## - DESCRIPTION | |
| Number of Pages | vi, 638 p. : |
| Other physical details | ill. ; |
| Dimensions | 23 cm. |
| 650 #0 - SUBJECTS | |
| Topical Term | Nursing |
| 710 2# - OTHER AUTHORS | |
| OTHER AUTHORS | Springhouse Corporation. |
| 942 ## - ADDED ENTRY ELEMENTS (KOHA) | |
| Koha item type | Books |
| Withdrawn status | Lost status | Home library | Current library | Shelving location | Date acquired | Full call number | Accession Number | Copy number | Koha item type |
|---|---|---|---|---|---|---|---|---|---|
| Methodist University Library Wenchi Nursing | Methodist University Library Wenchi Nursing | General Stacks | 03/11/2017 | RT51 .N93 NUR | 2950 | 1 | Books | ||
| Methodist University Library Wenchi Nursing | Methodist University Library Wenchi Nursing | General Stacks | 03/11/2017 | RT51 .N93 NUR | 2951 | 2 | Books |